000 00750nam a2200181Ia 4500
008 151018s9999 xx 000 0 und d
082 _bRBASDV40779
_a340
100 _aए जी नांदेडवाला
245 _aमहाराष्ट्र प्रादेशिक व नवररचना
250 _b1
260 _bशिवांश पब्लिकेशन
_c2003
300 _a327
600 _aए जी नांदेडवाला
630 _aमहाराष्ट्र प्रादेशिक व नवररचना
700 _aए जी नांदेडवाला
730 _aमहाराष्ट्र प्रादेशिक व नवररचना
942 _cBOOK
999 _c1040053
_d1040050